Statistics for Irish Loughs Map

Click here to take the quiz!

General Stats

  • This quiz has been taken 74 times
  • The average score is 6 of 10

Answers on the Map

Answers color-coded by a green-red scale on the quiz's map according to % correct below.
 

Answer Stats

Area (km²)Lough% Correct
396Lough {Neagh}
92%
176Lough {Corrib}
61%
130Lough {Derg}
61%
109Lower Lough {Erne}
61%
34Upper Lough {Erne}
61%
105Lough {Ree}
55%
83Lough {Mask}
49%
35Lough {Allen}
45%
50Lough {Conn}
41%
23Lough {Melvin}
39%

Score Distribution

Percentile by Number Answered

Percent of People with Each Score

Your Score History

You have not taken this quiz